La Tribuna económica / Asociación La Tribuna Económica
Salvato in:
| Ente Autore: | |
|---|---|
| Natura: | Libro |
| Lingua: | Spanish |
| Pubblicazione: |
San José, Costa Rica:
Asociación La Tribuna Económica
|
| Soggetti: | |
| Tags: |
Aggiungi Tag
Nessun Tag, puoi essere il primo ad aggiungerne!!
|
MARC
| LEADER | 00000nam a22000007a 4500 | ||
|---|---|---|---|
| 003 | cru CIDCACS/IIS | ||
| 005 | 20201015135546.0 | ||
| 008 | 201015s cr |||p|r||||||0| ||spa|d | ||
| 999 | |c 43434 |d 43434 | ||
| 040 | |c cru CIDCACS/IIS | ||
| 090 | |a REV0986 | ||
| 110 | 2 | |9 9662 |a Asociación La Tribuna Económica | |
| 245 | 1 | 3 | |a La Tribuna económica / |b Asociación La Tribuna Económica |
| 260 | |a San José, Costa Rica: |b Asociación La Tribuna Económica | ||
| 270 | |e Apdo. 7669 | ||
| 500 | |a EXISTENCIAS : 1986-1987 4-5 (1-12) 1988 (1-3) 1989 (3-6) | ||
| 650 | 0 | |9 4355 |a ASPECTOS ECONOMICOS | |
| 650 | 0 | |9 452 |a TRAFICO DE DROGAS | |
| 650 | 0 | |9 371 |a RELACIONES EXTERIORES | |
| 650 | 0 | |9 304 |a COMERCIO EXTERIOR | |
| 651 | 4 | |9 2605 |a LATINOAMERICA | |
| 942 | |2 ddc |c PP | ||
